000 00588cam5a220021700 4500
001 zam00002763
008 951128s1970 xx eng u
035 _a(Sirsi) r20106
035 _a(MACHINE)SLC.
100 _aNkrumah, K.
_6A80768.1
245 1 0 _aClass struggle in Africa.
260 _c1970.
949 _aHN780.Z9S65
_wlcc
_mMAIN
_tBOOK
_lON-SHELF
004 20106
591 _aClass code: S 110.
591 _aCourse: Introduction to sociology.
591 _aSchool: S05.
591 _aLecturer: Ms NTALASHA, H.
591 _aNumber of Students: 59.
909 _aBook
999 _c171641
_d171641